Interfacing through Microprocessors (Record no. 94)

MARC details
000 -LEADER
Fixed length control field 00432nam a2200169 4500
003 - CONTROL NUMBER IDENTIFIER
Control field SEACOMEC
005 - DATE AND TIME OF LATEST TRANSACTION
Control field 20240403150335.0
008 - FIXED-LENGTH DATA ELEMENTS--GENERAL INFORMATION
Fixed length control field 231005b |||||||| |||| 00| 0 eng d
020 ## - INTERNATIONAL STANDARD BOOK NUMBER / ISBN
Price Rs. 145.00
040 ## - CATALOGING SOURCE
Original cataloging agency SEACOMEC
082 ## - DEWEY DECIMAL CLASSIFICATION NUMBER
Classification number 004.16
Book Number R313
100 1# - MAIN ENTRY--PERSONAL NAME
Personal name Reddy, E. Srinivas
245 1# - TITLE STATEMENT
Title Interfacing through Microprocessors
Statement of responsibility E. Srinivas Reddy
260 ## - IMPRINT
Place of publication Chennai
Name of publisher Scitech
Date of publication 2005
650 ## - SUBJECT ADDED ENTRY--TOPICAL TERM
Topical term Computer Science
942 ## - ADDED ENTRY ELEMENTS (KOHA)
Koha item type Books
Holdings
Withdrawn status Lost status Source of classification Damaged status Not for loan Home library Current library Date acquired Total Checkouts Call number Accession number Date last seen Price effective from Koha item type
    Dewey Decimal Classification     SEACOM ENGINEERING COLLEGE SEACOM ENGINEERING COLLEGE 03/04/2024   004.16 R313 4780 03/04/2024 03/04/2024 Books
    Dewey Decimal Classification     SEACOM ENGINEERING COLLEGE SEACOM ENGINEERING COLLEGE 03/04/2024   004.16 R313 4781 03/04/2024 03/04/2024 Books
    Dewey Decimal Classification     SEACOM ENGINEERING COLLEGE SEACOM ENGINEERING COLLEGE 03/04/2024   004.16 R313 4782 03/04/2024 03/04/2024 Books
    Dewey Decimal Classification     SEACOM ENGINEERING COLLEGE SEACOM ENGINEERING COLLEGE 03/04/2024   004.16 R313 4783 03/04/2024 03/04/2024 Books
© Seacom Engineering College, All rights reserved.      Powered by Koha